000 00373nam a22001577a 4500
005 20230130155152.0
008 221217b |||||||| |||| 00| 0 eng d
041 _aeng
082 _a340 BAR-I
100 _aBARE ACT
_95744
245 _aTHE INDIAN PANAL CODE
260 _aDELHI
_bPROFESSIONAL BOOK PUBLISHERS
300 _a216;P.
650 _aLAW
_95701
942 _cBK
999 _c8092
_d8090